Federal student aid program, (Record no. 21447)

MARC details
000 -LEADER
fixed length control field 01131cam a22002531 4500
001 - CONTROL NUMBER
control field e 35000275
003 - CONTROL NUMBER IDENTIFIER
control field DLC
005 - DATE AND TIME OF LATEST TRANSACTION
control field 20260227111225.0
008 - FIXED-LENGTH DATA ELEMENTS--GENERAL INFORMATION
fixed length control field 860422s1935 dcua f000 0 eng c
010 ## - LIBRARY OF CONGRESS CONTROL NUMBER
LC control number e 35000275
035 ## - SYSTEM CONTROL NUMBER
System control number (OCoLC)13470407
040 ## - CATALOGING SOURCE
Original cataloging agency Library, U.S. Office of Education
Transcribing agency PScU
Modifying agency DLC
042 ## - AUTHENTICATION CODE
Authentication code premarc
050 00 - LIBRARY OF CONGRESS CALL NUMBER
Classification number L111
Item number .A6 1935, no. 14
051 ## - LIBRARY OF CONGRESS COPY, ISSUE, OFFPRINT STATEMENT
Classification number LA230
Item number .K4
100 1# - MAIN ENTRY--PERSONAL NAME
Personal name Kelly, Frederick James,
Dates associated with a name 1880-1959.
245 10 - TITLE STATEMENT
Title Federal student aid program,
Statement of responsibility, etc. by Fred J. Kelly, chief, Division of Higher Education, Office of Education, and John H. McNeely, research assistant, Division of Higher Education, Office of Education ... United States Department of the Interior, Harold L. Ickes, secretary. Office of Education, J. W. Studebaker, commissioner.
260 ## - PUBLICATION, DISTRIBUTION, ETC.
Place of publication, distribution, etc. Washington,
Name of publisher, distributor, etc. U.S. Govt. Print. Off.,
Date of publication, distribution, etc. 1935.
300 ## - PHYSICAL DESCRIPTION
Extent iii, 39 p.
Other physical details tables.
Dimensions 23 cm.
490 0# - SERIES STATEMENT
Series statement United States. Office of Education. Bulletin 1935,
Volume/sequential designation no. 14
650 #0 - SUBJECT ADDED ENTRY--TOPICAL TERM
Topical term or geographic name entry element Education
Geographic subdivision United States
General subdivision Finance.
650 #0 - SUBJECT ADDED ENTRY--TOPICAL TERM
Topical term or geographic name entry element Students
Geographic subdivision United States.
700 1# - ADDED ENTRY--PERSONAL NAME
Personal name McNeely, John H.
Fuller form of name (John Hamilton),
Dates associated with a name 1884-1940,
Relator term joint author.

No items available.

Powered by Koha